[Event "Madrid ch 2002-2003 - Final"]
[Site "Madrid ESP"]
[Date "2003.03.10"]
[Round "1.1"]
[White "De la Fuente Gonzalez, Francisco"]
[Black "Anghel, Valentin"]
[Result "1/2-1/2"]
[WhiteElo "2227"]
[BlackElo "2382"]
[PlyCount "39"]
[EventDate "2003.03.10"]
[EventType "tourn"]
[EventRounds "11"]
[EventCountry "ESP"]
[EventCategory "1"]
[Source "lmi"]
[SourceDate "2003.03.10"]

1. d4 Nf6 2. c4 e6 3. Nf3 b6 4. g3 Ba6 5. b3 Bb4+ 6. Bd2 Be7 7. Bg2 c6 8. Bc3
d5 9. Nbd2 Nbd7 10. O-O O-O 11. Re1 c5 12. e4 dxe4 13. Ne5 Bb7 14. Nxe4 Nxe4
15. Bxe4 Bxe4 16. Rxe4 Nxe5 17. dxe5 Qxd1+ 18. Rxd1 Rad8 19. Ree1 g5 20. g4
1/2-1/2

[Event "Madrid ch 2002-2003 - Final"]
[Site "Madrid ESP"]
[Date "2003.03.10"]
[Round "1.2"]
[White "Roa Alonso, Santiago"]
[Black "Rodriguez Gonzalez, Jose Manuel"]
[Result "1-0"]
[WhiteElo "2326"]
[BlackElo "2159"]
[PlyCount "79"]
[EventDate "2003.03.10"]
[EventType "tourn"]
[EventRounds "11"]
[EventCountry "ESP"]
[EventCategory "1"]
[Source "lmi"]
[SourceDate "2003.03.10"]

1. e4 e6 2. d4 d5 3. Nc3 Bb4 4. e5 c5 5. a3 Ba5 6. b4 cxd4 7. bxa5 dxc3 8. Qg4
Ne7 9. Qxg7 Rg8 10. Qxh7 Nbc6 11. f4 Qxa5 12. Nf3 Bd7 13. Rb1 O-O-O 14. Qd3 a6
15. Rg1 Be8 16. g4 d4 17. h4 Qa4 18. Ng5 Nd5 19. Ne4 Na5 20. Nd6+ Rxd6 21. exd6
Bb5 22. Rxb5 axb5 23. Rg2 Nc6 24. Qxb5 Qxb5 25. Bxb5 Kd7 26. h5 Kxd6 27. h6
Nce7 28. Bd3 Ng6 29. Bxg6 fxg6 30. Ke2 Rh8 31. Rh2 e5 32. fxe5+ Kxe5 33. g5
Nf4+ 34. Kf3 Rf8 35. Bxf4+ Rxf4+ 36. Ke2 Rf8 37. Rf2 Rg8 38. Kd3 b5 39. Rf7 Rh8
40. Rb7 1-0

[Event "Madrid ch 2002-2003 - Final"]
[Site "Madrid ESP"]
[Date "2003.03.10"]
[Round "1.3"]
[White "Paredes Sanchez, Juan"]
[Black "Longa Yauca, Javier"]
[Result "0-1"]
[WhiteElo "2182"]
[BlackElo "2354"]
[PlyCount "64"]
[EventDate "2003.03.10"]
[EventType "tourn"]
[EventRounds "11"]
[EventCountry "ESP"]
[EventCategory "1"]
[Source "lmi"]
[SourceDate "2003.03.10"]

1. e4 e5 2. Nf3 Nc6 3. Bb5 Nf6 4. O-O Be7 5. Re1 d6 6. d4 Nd7 7. Nc3 a6 8. Bxc6
bxc6 9. b3 f6 10. Bb2 O-O 11. Nh4 g6 12. Qd3 Rf7 13. Rad1 a5 14. Qd2 Nf8 15. f4
exf4 16. Qxf4 f5 17. Nf3 g5 18. Qc1 g4 19. Nd2 f4 20. Rf1 Bg5 21. d5 f3 22. Qa1
Be3+ 23. Kh1 Qh4 24. Nxf3 gxf3 25. gxf3 Ng6 26. Ne2 Qh3 27. Nd4 Bxd4 28. Bxd4
Rxf3 29. Rg1 Bg4 30. Rg2 Raf8 31. Rdg1 R3f4 32. Rg3 Bf3+ 0-1

[Event "Madrid ch 2002-2003 - Final"]
[Site "Madrid ESP"]
[Date "2003.03.10"]
[Round "1.4"]
[White "Solaesa Navalpotro, Luis Julio"]
[Black "Vazquez Igarza, Renier"]
[Result "0-1"]
[WhiteElo "2188"]
[BlackElo "2428"]
[PlyCount "46"]
[EventDate "2003.03.10"]
[EventType "tourn"]
[EventRounds "11"]
[EventCountry "ESP"]
[EventCategory "1"]
[Source "lmi"]
[SourceDate "2003.03.10"]

1. d4 Nf6 2. Bg5 d5 3. Bxf6 exf6 4. e3 Bd6 5. c4 dxc4 6. Bxc4 O-O 7. Qf3 c5 8.
Ne2 Nc6 9. Nbc3 cxd4 10. exd4 f5 11. O-O-O Bd7 12. Kb1 Rc8 13. Bd3 g6 14. Ka1
Nb4 15. Bb1 Qa5 16. h4 h5 17. Nf4 Bc6 18. d5 Ba4 19. Nxa4 Qxa4 20. Nd3 Nc2+ 21.
Bxc2 Rxc2 22. Qe3 Re8 23. Qg5 Qd4 0-1

[Event "Madrid ch 2002-2003 - Final"]
[Site "Madrid ESP"]
[Date "2003.03.10"]
[Round "1.5"]
[White "Barez Menendez, Hector"]
[Black "Almagro Llanas, Pablo"]
[Result "0-1"]
[WhiteElo "2215"]
[BlackElo "2345"]
[PlyCount "126"]
[EventDate "2003.03.10"]
[EventType "tourn"]
[EventRounds "11"]
[EventCountry "ESP"]
[EventCategory "1"]
[Source "lmi"]
[SourceDate "2003.03.10"]

1. d4 d5 2. c4 c6 3. cxd5 cxd5 4. Nc3 Nf6 5. Nf3 Nc6 6. Bf4 a6 7. e3 Bf5 8. Bd3
Bxd3 9. Qxd3 e6 10. O-O Bb4 11. Rac1 O-O 12. Bg5 h6 13. Bh4 Be7 14. Na4 Qa5 15.
Qb3 Qb5 16. Nc5 Qxb3 17. Nxb3 g5 18. Bg3 Ne4 19. a3 Rfc8 20. Nfd2 Nxg3 21. hxg3
a5 22. Nc5 b6 23. Na4 Rab8 24. Rc2 b5 25. Nc5 a4 26. Rfc1 Na5 27. Na6 Rxc2 28.
Rxc2 Rb6 29. Rc8+ Kg7 30. Nc7 Nc4 31. Ne8+ Kg6 32. Nf3 b4 33. Rc7 bxa3 34. bxa3
Bxa3 35. Ra7 Rb8 36. Nc7 Rb1+ 37. Kh2 Bd6 38. Na6 a3 39. Nc5 Rb2 40. Nd3 Rb3
41. Nc5 Rb2 42. Nd3 Rb1 43. Nde5+ Bxe5 44. Nxe5+ Nxe5 45. dxe5 Ra1 46. g4 a2
47. Kg3 f6 48. exf6 e5 49. f7 Kg7 50. Kf3 Kf8 51. g3 Kg7 52. f8=Q+ Kxf8 53.
Ra8+ Ke7 54. Ra7+ Kd6 55. Ra6+ Kc5 56. Ra5+ Kc4 57. Ra3 Kb4 58. Ra8 Kc4 59.
Rc8+ Kd3 60. Ra8 Kd2 61. Ra5 Ke1 62. Ra8 Kf1 63. e4 Re1 0-1

[Event "Madrid ch 2002-2003 - Final"]
[Site "Madrid ESP"]
[Date "2003.03.10"]
[Round "1.6"]
[White "Rodriguez Cordon, Luis"]
[Black "Perez Gonzalez, Jose Manuel"]
[Result "0-1"]
[WhiteElo "2207"]
[BlackElo "2238"]
[PlyCount "60"]
[EventDate "2003.03.10"]
[EventType "tourn"]
[EventRounds "11"]
[EventCountry "ESP"]
[EventCategory "1"]
[Source "lmi"]
[SourceDate "2003.03.10"]

1. d4 g6 2. c4 Bg7 3. e4 d6 4. Nc3 Nc6 5. Be3 e5 6. Nge2 f5 7. exf5 Bxf5 8. d5
Nce7 9. Ng3 Nf6 10. Be2 O-O 11. O-O Rf7 12. Bf3 Qd7 13. Nge4 Bxe4 14. Bxe4 Nf5
15. Qd2 Ng4 16. Bg5 Bf6 17. Rae1 Bxg5 18. Qxg5 Nd4 19. h3 Nf6 20. f4 Nxe4 21.
Rxe4 Raf8 22. g4 Rf6 23. Rxd4 exd4 24. Ne4 R6f7 25. f5 Qe8 26. Re1 Re7 27. Qf4
d3 28. f6 d2 29. Qxd2 Rxe4 30. Rf1 Re2 0-1

[Event "Madrid ch 2002-2003 - Final"]
[Site "Madrid ESP"]
[Date "2003.03.11"]
[Round "2.1"]
[White "Anghel, Valentin"]
[Black "Perez Gonzalez, Jose Manuel"]
[Result "1/2-1/2"]
[WhiteElo "2382"]
[BlackElo "2238"]
[PlyCount "59"]
[EventDate "2003.03.10"]
[EventType "tourn"]
[EventRounds "11"]
[EventCountry "ESP"]
[EventCategory "1"]
[Source "lmi"]
[SourceDate "2003.03.10"]

1. e4 c5 2. Nf3 d6 3. d4 cxd4 4. Qxd4 Bd7 5. Be3 Nc6 6. Qd2 Nf6 7. Nc3 g6 8.
Bc4 Bg7 9. O-O-O O-O 10. Bh6 Qa5 11. Bb3 Rac8 12. h4 Bg4 13. Bxg7 Kxg7 14. Rde1
h5 15. Nd4 Nxd4 16. Qxd4 Qc5 17. Qd2 b5 18. f3 Bd7 19. Nd5 Nxd5 20. exd5 Rce8
21. Re2 f6 22. Rhe1 Rf7 23. Kb1 b4 24. Qf4 a5 25. Bc4 Bb5 26. Bxb5 Qxb5 27. Qd4
Qc5 28. Qxc5 dxc5 29. Re6 Rd8 30. Rxe7 1/2-1/2

[Event "Madrid ch 2002-2003 - Final"]
[Site "Madrid ESP"]
[Date "2003.03.11"]
[Round "2.2"]
[White "Almagro Llanas, Pablo"]
[Black "Rodriguez Cordon, Luis"]
[Result "1-0"]
[WhiteElo "2345"]
[BlackElo "2207"]
[PlyCount "63"]
[EventDate "2003.03.10"]
[EventType "tourn"]
[EventRounds "11"]
[EventCountry "ESP"]
[EventCategory "1"]
[Source "lmi"]
[SourceDate "2003.03.10"]

1. e4 c5 2. Nf3 Nc6 3. d4 cxd4 4. Nxd4 g6 5. Nc3 Bg7 6. Be3 Nf6 7. Bc4 Qa5 8.
O-O O-O 9. Nb3 Qc7 10. Be2 d6 11. Bg5 Be6 12. f4 Na5 13. f5 gxf5 14. exf5 Nxb3
15. cxb3 Qc5+ 16. Kh1 Bxf5 17. Bxf6 Bxf6 18. Nd5 Be4 19. Nxf6+ exf6 20. Bf3
Rae8 21. Rc1 Qe3 22. Bxe4 Rxe4 23. Qxd6 Re6 24. Qb4 Rfe8 25. h3 b6 26. Rc3 Qg5
27. Kh2 Kh8 28. Rg3 Qh6 29. Rf4 Re1 30. Qd4 Rd1 31. Qc4 Qf8 32. Qc3 1-0

[Event "Madrid ch 2002-2003 - Final"]
[Site "Madrid ESP"]
[Date "2003.03.11"]
[Round "2.3"]
[White "Vazquez Igarza, Renier"]
[Black "Barez Menendez, Hector"]
[Result "1-0"]
[WhiteElo "2428"]
[BlackElo "2215"]
[PlyCount "71"]
[EventDate "2003.03.10"]
[EventType "tourn"]
[EventRounds "11"]
[EventCountry "ESP"]
[EventCategory "1"]
[Source "lmi"]
[SourceDate "2003.03.10"]

1. e4 e5 2. Nf3 Nf6 3. Nxe5 d6 4. Nf3 Nxe4 5. d4 d5 6. Bd3 Nc6 7. O-O Be7 8. c4
Nf6 9. Nc3 O-O 10. h3 Nb4 11. Be2 dxc4 12. Bxc4 c6 13. Ne5 Nbd5 14. Bg5 Be6 15.
Bb3 Rc8 16. Qf3 Nc7 17. Bxf6 Bxf6 18. Ne4 Be7 19. Rad1 Bxb3 20. Qxb3 Qd5 21.
Qd3 Rcd8 22. Nc3 Qa5 23. Rfe1 Bf6 24. Qg3 Ne6 25. Qg4 Qc7 26. Qe4 Rfe8 27. Ng4
Bg5 28. d5 cxd5 29. Nxd5 Qc5 30. b4 Qf8 31. Qf5 h5 32. Ne5 f6 33. Ng6 Qf7 34.
Nde7+ Rxe7 35. Rxd8+ Nxd8 36. Rxe7 1-0

[Event "Madrid ch 2002-2003 - Final"]
[Site "Madrid ESP"]
[Date "2003.03.11"]
[Round "2.4"]
[White "Longa Yauca, Javier"]
[Black "Solaesa Navalpotro, Luis Julio"]
[Result "1-0"]
[WhiteElo "2354"]
[BlackElo "2188"]
[PlyCount "78"]
[EventDate "2003.03.10"]
[EventType "tourn"]
[EventRounds "11"]
[EventCountry "ESP"]
[EventCategory "1"]
[Source "lmi"]
[SourceDate "2003.03.10"]

1. e4 e5 2. Nf3 Nc6 3. Bb5 Nd4 4. Nxd4 exd4 5. O-O Bc5 6. d3 c6 7. Ba4 Ne7 8.
f4 f5 9. Bb3 d6 10. Nd2 g6 11. Nf3 h6 12. Kh1 d5 13. exd5 Nxd5 14. Qe1+ Kf7 15.
c3 dxc3 16. bxc3 Re8 17. Ne5+ Kg7 18. Bd2 Bd6 19. c4 Bxe5 20. fxe5 Nc7 21. Qe3
Qh4 22. d4 Be6 23. Bc3 b5 24. cxb5 Nxb5 25. Bb2 Rad8 26. Bxe6 Rxe6 27. Rfd1 Qe7
28. Qb3 Nc7 29. Ba3 Qd7 30. Rac1 Ree8 31. Qa4 Nb5 32. Bc5 a6 33. Qb3 Nc7 34. a4
Rb8 35. Qc4 Qd5 36. Bd6 Rb2 37. Qxd5 Nxd5 38. Rb1 Rxb1 39. Rxb1 a5 1-0

[Event "Madrid ch 2002-2003 - Final"]
[Site "Madrid ESP"]
[Date "2003.03.11"]
[Round "2.5"]
[White "Rodriguez Gonzalez, Jose Manuel"]
[Black "Paredes Sanchez, Juan"]
[Result "0-1"]
[WhiteElo "2159"]
[BlackElo "2182"]
[PlyCount "48"]
[EventDate "2003.03.10"]
[EventType "tourn"]
[EventRounds "11"]
[EventCountry "ESP"]
[EventCategory "1"]
[Source "lmi"]
[SourceDate "2003.03.10"]

1. d4 Nf6 2. Bg5 e6 3. e4 h6 4. Bxf6 Qxf6 5. c3 d5 6. e5 Qd8 7. Bd3 c5 8. Ne2
Nc6 9. a3 a5 10. O-O Qb6 11. b3 Bd7 12. Bc2 Be7 13. Kh1 Rc8 14. Qd2 Na7 15. Rd1
Bb5 16. Ng3 cxd4 17. cxd4 Bg5 18. f4 Bxf4 19. Qxf4 Rxc2 20. Nd2 Nc6 21. Rdc1
Qxd4 22. Nde4 Rxc1+ 23. Rxc1 dxe4 24. Nxe4 O-O 0-1

[Event "Madrid ch 2002-2003 - Final"]
[Site "Madrid ESP"]
[Date "2003.03.11"]
[Round "2.6"]
[White "De la Fuente Gonzalez, Francisco"]
[Black "Roa Alonso, Santiago"]
[Result "0-1"]
[WhiteElo "2227"]
[BlackElo "2326"]
[PlyCount "82"]
[EventDate "2003.03.10"]
[EventType "tourn"]
[EventRounds "11"]
[EventCountry "ESP"]
[EventCategory "1"]
[Source "lmi"]
[SourceDate "2003.03.10"]

1. d4 Nf6 2. c4 g6 3. Nc3 Bg7 4. e4 d6 5. Nf3 O-O 6. Be2 Nbd7 7. O-O e5 8. d5
Nc5 9. Qc2 a5 10. Bg5 h6 11. Bh4 g5 12. Bg3 Nh5 13. Nd2 Nf4 14. f3 f5 15. exf5
Bxf5 16. Nde4 Qd7 17. Nxc5 dxc5 18. Ne4 b6 19. Rfe1 Qf7 20. Rad1 Qg6 21. Bd3
Rae8 22. a3 Re7 23. Qb1 Ref7 24. b4 axb4 25. axb4 cxb4 26. Qxb4 Nxd3 27. Rxd3
h5 28. d6 Bxe4 29. fxe4 h4 30. d7 Qf6 31. Rf3 Qd8 32. Rxf7 Rxf7 33. Bf2 Qxd7
34. Qb5 Qd2 35. Qe8+ Rf8 36. Qe6+ Kh7 37. Rf1 Qe2 38. Qe7 Rf6 39. Qe8 Qxc4 40.
Qh5+ Bh6 41. Rd1 Rd6 0-1

[Event "Madrid ch 2002-2003 - Final"]
[Site "Madrid ESP"]
[Date "2003.03.12"]
[Round "3.1"]
[White "Roa Alonso, Santiago"]
[Black "Anghel, Valentin"]
[Result "1-0"]
[WhiteElo "2326"]
[BlackElo "2382"]
[PlyCount "69"]
[EventDate "2003.03.10"]
[EventType "tourn"]
[EventRounds "11"]
[EventCountry "ESP"]
[EventCategory "1"]
[Source "lmi"]
[SourceDate "2003.03.10"]

1. e4 c6 2. d4 d5 3. exd5 cxd5 4. c4 Nf6 5. Nc3 e6 6. Nf3 Bb4 7. cxd5 Nxd5 8.
Bd2 O-O 9. Bd3 Nf6 10. O-O b6 11. Bg5 Bb7 12. Re1 Nbd7 13. a3 Bxc3 14. bxc3 Rc8
15. c4 Qc7 16. Bh4 Qb8 17. Ne5 Qa8 18. Re3 Bxg2 19. Nxd7 Nxd7 20. d5 Bxd5 21.
cxd5 Qxd5 22. Ba6 Qxd1+ 23. Rxd1 Rc7 24. Bg3 e5 25. Bb5 f5 26. Bxd7 f4 27. Rxe5
fxg3 28. hxg3 g6 29. Rd2 Rf3 30. a4 Kg7 31. Bb5 Rff7 32. Red5 Rc1+ 33. Kg2 Kf6
34. Rd6+ Kg7 35. Rd7 1-0

[Event "Madrid ch 2002-2003 - Final"]
[Site "Madrid ESP"]
[Date "2003.03.12"]
[Round "3.2"]
[White "Paredes Sanchez, Juan"]
[Black "De la Fuente Gonzalez, Francisco"]
[Result "0-1"]
[WhiteElo "2182"]
[BlackElo "2227"]
[PlyCount "50"]
[EventDate "2003.03.10"]
[EventType "tourn"]
[EventRounds "11"]
[EventCountry "ESP"]
[EventCategory "1"]
[Source "lmi"]
[SourceDate "2003.03.10"]

1. e4 e5 2. Nf3 Nf6 3. Nxe5 d6 4. Nf3 Nxe4 5. Qe2 Qe7 6. d3 Nf6 7. Nc3 Bg4 8.
Be3 Nc6 9. O-O-O O-O-O 10. h3 Bd7 11. g4 Nb4 12. Bg2 Nfd5 13. Nxd5 Nxd5 14.
Rhe1 Nxe3 15. fxe3 g6 16. d4 f5 17. gxf5 Bxf5 18. e4 Bh6+ 19. Kb1 Rhe8 20. Qb5
Bxe4 21. Rxe4 Qxe4 22. Ne1 c6 23. Qa5 Qe2 24. Bf3 Qf2 25. Qxa7 Qxe1 0-1

[Event "Madrid ch 2002-2003 - Final"]
[Site "Madrid ESP"]
[Date "2003.03.12"]
[Round "3.3"]
[White "Solaesa Navalpotro, Luis Julio"]
[Black "Rodriguez Gonzalez, Jose Manuel"]
[Result "1-0"]
[WhiteElo "2188"]
[BlackElo "2159"]
[PlyCount "75"]
[EventDate "2003.03.10"]
[EventType "tourn"]
[EventRounds "11"]
[EventCountry "ESP"]
[EventCategory "1"]
[Source "lmi"]
[SourceDate "2003.03.10"]

1. d4 d5 2. c4 e6 3. Nc3 Nf6 4. cxd5 exd5 5. Bg5 Be7 6. e3 O-O 7. Bd3 Nbd7 8.
Qc2 Re8 9. Nge2 Nf8 10. O-O-O a5 11. h3 c6 12. g4 b5 13. Ng3 a4 14. Kb1 N6d7
15. Bxe7 Qxe7 16. Nce2 Ra6 17. Nf5 Qd8 18. Nd6 Re6 19. Nxc8 Qxc8 20. Bxb5 Ra5
21. Bxa4 Nb6 22. Bb3 Qa8 23. Rc1 Nfd7 24. Nf4 Rd6 25. Nd3 Rb5 26. Nc5 Qb8 27.
Ka1 Nf6 28. g5 Ne8 29. Qc3 Qa8 30. Kb1 Rd8 31. a4 Ra5 32. Nb7 Qxb7 33. Qxa5 Nd6
34. Qb4 Qc7 35. a5 Nbc4 36. Bxc4 Nxc4 37. Rxc4 dxc4 38. Rc1 1-0

[Event "Madrid ch 2002-2003 - Final"]
[Site "Madrid ESP"]
[Date "2003.03.12"]
[Round "3.4"]
[White "Barez Menendez, Hector"]
[Black "Longa Yauca, Javier"]
[Result "0-1"]
[WhiteElo "2215"]
[BlackElo "2354"]
[PlyCount "64"]
[EventDate "2003.03.10"]
[EventType "tourn"]
[EventRounds "11"]
[EventCountry "ESP"]
[EventCategory "1"]
[Source "lmi"]
[SourceDate "2003.03.10"]

1. Nf3 Nf6 2. c4 c5 3. g3 Nc6 4. Bg2 g6 5. d4 cxd4 6. Nxd4 Bg7 7. O-O O-O 8.
Nc3 Nxd4 9. Qxd4 d6 10. Qd3 Bf5 11. e4 Be6 12. b3 Qa5 13. Bd2 Qh5 14. f3 a6 15.
Rac1 b5 16. Nd5 Bxd5 17. cxd5 Rac8 18. a4 Nd7 19. axb5 Ne5 20. Qe2 axb5 21.
Rxc8 Rxc8 22. Qxb5 Rc2 23. Bf4 h6 24. Rf2 Rc3 25. Bxe5 Qxe5 26. Bf1 Bf6 27. Kg2
g5 28. g4 Qf4 29. Bc4 Be5 30. h3 Qg3+ 31. Kf1 Rc1+ 32. Ke2 Rc2+ 0-1

[Event "Madrid ch 2002-2003 - Final"]
[Site "Madrid ESP"]
[Date "2003.03.12"]
[Round "3.5"]
[White "Rodriguez Cordon, Luis"]
[Black "Vazquez Igarza, Renier"]
[Result "0-1"]
[WhiteElo "2207"]
[BlackElo "2428"]
[PlyCount "66"]
[EventDate "2003.03.10"]
[EventType "tourn"]
[EventRounds "11"]
[EventCountry "ESP"]
[EventCategory "1"]
[Source "lmi"]
[SourceDate "2003.03.10"]

1. d4 Nf6 2. c4 e6 3. Nc3 Bb4 4. a3 Bxc3+ 5. bxc3 b6 6. e3 Nc6 7. Bd3 e5 8. f3
O-O 9. Ne2 d6 10. e4 Ba6 11. Bg5 Na5 12. g4 Bxc4 13. Ng3 h6 14. Be3 d5 15. g5
exd4 16. gxf6 dxe3 17. fxg7 Re8 18. Bxc4 Nxc4 19. Qxd5 Qxd5 20. exd5 Rad8 21.
Ne4 Kxg7 22. Rg1+ Kh8 23. Nf6 Re5 24. Rg4 b5 25. a4 Rf5 26. Ne4 Rfxd5 27. Rh4
f5 28. Ng5 Rd2 29. Nf7+ Kh7 30. Nxd8 Ne5 31. Rh3 Nd3+ 32. Kf1 e2+ 33. Kg1 Rd1+
0-1

[Event "Madrid ch 2002-2003 - Final"]
[Site "Madrid ESP"]
[Date "2003.03.12"]
[Round "3.6"]
[White "Perez Gonzalez, Jose Manuel"]
[Black "Almagro Llanas, Pablo"]
[Result "1/2-1/2"]
[WhiteElo "2238"]
[BlackElo "2345"]
[PlyCount "121"]
[EventDate "2003.03.10"]
[EventType "tourn"]
[EventRounds "11"]
[EventCountry "ESP"]
[EventCategory "1"]
[Source "lmi"]
[SourceDate "2003.03.10"]

1. e4 c6 2. d4 d5 3. e5 Bf5 4. Nc3 e6 5. g4 Bg6 6. Nge2 c5 7. h4 h6 8. Be3 Nc6
9. dxc5 Nxe5 10. Nf4 Bh7 11. Bb5+ Nc6 12. Qe2 Nge7 13. O-O-O Qa5 14. Bd2 d4 15.
Nb1 Qc7 16. Na3 O-O-O 17. Nd3 Nd5 18. Bxc6 Qxc6 19. Ne5 Qc7 20. Rh3 f6 21. Nec4
Nf4 22. Bxf4 Qxf4+ 23. Kb1 Bxc5 24. Qxe6+ Kb8 25. Na5 Rhe8 26. Qb3 Bb6 27. N3c4
Qxg4 28. Rhh1 Re2 29. Rc1 Qf5 30. Qg3+ Bc7 31. Qxg7 Rxc2 32. Rxc2 Qxc2+ 33. Ka1
Qe4 34. Rc1 Rc8 35. Nd2 Qf4 36. Qg2 Be4 37. Qxe4 Qxe4 38. Nxe4 Bxa5 39. Rxc8+
Kxc8 40. Nxf6 Be1 41. Ne4 Kd7 42. Kb1 Ke6 43. Kc2 Ke5 44. Kd3 Bb4 45. Ng3 Be7
46. h5 Kf4 47. Ne2+ Kg4 48. Nxd4 Kxh5 49. Ke4 Bf6 50. Nb5 a6 51. Nd6 b6 52. b3
Kg6 53. a4 a5 54. Nc4 Bd8 55. Ne3 h5 56. Nd5 h4 57. b4 Kf7 58. bxa5 bxa5 59.
Kf4 Ke6 60. Ne3 Kd6 61. Nc4+ 1/2-1/2

[Event "Madrid ch 2002-2003 - Final"]
[Site "Madrid ESP"]
[Date "2003.03.13"]
[Round "4.1"]
[White "Anghel, Valentin"]
[Black "Almagro Llanas, Pablo"]
[Result "1/2-1/2"]
[WhiteElo "2382"]
[BlackElo "2345"]
[PlyCount "44"]
[EventDate "2003.03.10"]
[EventType "tourn"]
[EventRounds "11"]
[EventCountry "ESP"]
[EventCategory "1"]
[Source "lmi"]
[SourceDate "2003.03.10"]

1. e4 c6 2. d4 d5 3. Nc3 dxe4 4. Nxe4 Bf5 5. Ng3 Bg6 6. h4 h6 7. Nf3 Nf6 8. h5
Bh7 9. Bd3 Bxd3 10. Qxd3 e6 11. Bd2 Qc7 12. O-O-O Nbd7 13. Qe2 O-O-O 14. Ne5
Nxe5 15. dxe5 Nd5 16. f4 Be7 17. a3 Qb6 18. Ne4 Nc7 19. Be3 Qa5 20. c4 Bxa3 21.
bxa3 Qxa3+ 22. Kb1 Qb3+ 1/2-1/2

[Event "Madrid ch 2002-2003 - Final"]
[Site "Madrid ESP"]
[Date "2003.03.13"]
[Round "4.2"]
[White "Vazquez Igarza, Renier"]
[Black "Perez Gonzalez, Jose Manuel"]
[Result "1/2-1/2"]
[WhiteElo "2428"]
[BlackElo "2238"]
[PlyCount "106"]
[EventDate "2003.03.10"]
[EventType "tourn"]
[EventRounds "11"]
[EventCountry "ESP"]
[EventCategory "1"]
[Source "lmi"]
[SourceDate "2003.03.10"]

1. e4 d6 2. Nf3 Nf6 3. Nc3 g6 4. d4 Bg7 5. Be2 O-O 6. O-O Bg4 7. Re1 Nc6 8. h3
Bxf3 9. Bxf3 e5 10. Ne2 exd4 11. Nxd4 Ne5 12. Bg5 Qe8 13. c3 Nxf3+ 14. Qxf3 Nd7
15. Qg3 Nc5 16. Nf5 f6 17. Nxg7 Kxg7 18. Bd2 Qc6 19. Qe3 Rae8 20. f3 Qb6 21. b3
Nd7 22. Qd4 Rf7 23. Be3 Qxd4 24. cxd4 d5 25. Rac1 Nb6 26. a4 dxe4 27. fxe4 Rfe7
28. a5 Nc8 29. e5 a6 30. Rf1 fxe5 31. dxe5 Rd7 32. Bg5 c6 33. Bf6+ Kf7 34. Bh4+
Kg7 35. Rce1 Re6 36. Bf6+ Kf7 37. Rd1 Rd5 38. Rde1 Ne7 39. b4 Rd4 40. Bg5+ Ke8
41. Rf6 Kd7 42. Rf7 h5 43. Rg7 Ke8 44. Rb1 Rd7 45. Bf6 Nd5 46. Rxg6 Rh7 47. Rf1
Nxf6 48. exf6 Kf7 49. Rg7+ Rxg7 50. fxg7+ Kxg7 51. Rd1 Re7 52. Rd6 Rc7 53. Kf2
c5 1/2-1/2

[Event "Madrid ch 2002-2003 - Final"]
[Site "Madrid ESP"]
[Date "2003.03.13"]
[Round "4.3"]
[White "Longa Yauca, Javier"]
[Black "Rodriguez Cordon, Luis"]
[Result "1-0"]
[WhiteElo "2354"]
[BlackElo "2207"]
[PlyCount "159"]
[EventDate "2003.03.10"]
[EventType "tourn"]
[EventRounds "11"]
[EventCountry "ESP"]
[EventCategory "1"]
[Source "lmi"]
[SourceDate "2003.03.10"]

1. d4 Nf6 2. c4 c5 3. d5 e5 4. Nc3 d6 5. e4 g6 6. Be2 a6 7. Nf3 Bg7 8. Bg5 h6
9. Bd2 Nbd7 10. h3 Nh5 11. g3 Rb8 12. a4 Ndf6 13. Be3 Bd7 14. Nd2 b6 15. Nb3
Qc8 16. Bf1 Nh7 17. Bg2 Ng5 18. h4 Nh7 19. Nc1 N7f6 20. Bd2 O-O 21. Bf3 Ng4 22.
Bxg4 Bxg4 23. f3 Nxg3 24. fxg4 Nxh1 25. Qf3 f5 26. gxf5 gxf5 27. Qxh1 f4 28.
Qf3 Bf6 29. Nd3 Bxh4+ 30. Ke2 Rb7 31. Rh1 Bg5 32. Nf2 Rh7 33. Qh5 f3+ 34. Kd3
Bxd2 35. Kxd2 Qd8 36. Qg6+ Kh8 37. Rxh6 Rff7 38. Ncd1 Rxh6 39. Qxh6+ Rh7 40.
Qg6 Qf8 41. Ne3 Rh2 42. Neg4 Qf4+ 43. Kd3 Rg2 44. Qe8+ Kg7 45. Qe7+ Kh8 46.
Qd8+ Kg7 47. Qxd6 Rxg4 48. Qd7+ Kh8 49. Qxg4 Qc1 50. Qh5+ Kg8 51. Qe8+ Kh7 52.
Qf7+ Kh8 53. Qxf3 Qxb2 54. Qh5+ Kg7 55. Nd1 Qd4+ 56. Ke2 Qxc4+ 57. Kf3 Qf1+ 58.
Nf2 Qa1 59. Qg5+ Kf7 60. Qf5+ Kg7 61. Qd7+ Kg6 62. Qe6+ Kh7 63. Qxb6 Qxa4 64.
Qc7+ Kg6 65. Qxe5 c4 66. Kf4 Qc2 67. Qe6+ Kg7 68. Qe7+ Kg6 69. Qg5+ Kf7 70.
Qf5+ Ke7 71. Qe6+ Kd8 72. Qb6+ Kd7 73. Qa7+ Kd8 74. Ke5 Qd2 75. d6 Qg5+ 76. Ke6
Qh6+ 77. Kd5 Qg5+ 78. e5 Qg2+ 79. Ne4 Qg8+ 80. e6 1-0

[Event "Madrid ch 2002-2003 - Final"]
[Site "Madrid ESP"]
[Date "2003.03.13"]
[Round "4.4"]
[White "Rodriguez Gonzalez, Jose Manuel"]
[Black "Barez Menendez, Hector"]
[Result "1-0"]
[WhiteElo "2159"]
[BlackElo "2215"]
[PlyCount "69"]
[EventDate "2003.03.10"]
[EventType "tourn"]
[EventRounds "11"]
[EventCountry "ESP"]
[EventCategory "1"]
[Source "lmi"]
[SourceDate "2003.03.10"]

1. d4 d5 2. Nf3 e6 3. Bf4 Nf6 4. e3 c5 5. Nbd2 Be7 6. c3 Nbd7 7. Bd3 b6 8. O-O
Bb7 9. Qb1 O-O 10. b4 cxb4 11. cxb4 Ne4 12. Nxe4 dxe4 13. Bxe4 Bxe4 14. Qxe4
Nf6 15. Qd3 Bxb4 16. Bg5 h6 17. Bh4 g5 18. Bg3 Qd5 19. Rfc1 Rfd8 20. Ne5 Bd6
21. Qa6 Ne4 22. Nc6 Nxg3 23. Nxd8 Ne4 24. Rc8 Rxc8 25. Qxc8 Kg7 26. Qb7 Qf5 27.
f3 Nc3 28. Qc6 Bb4 29. Qc4 a5 30. e4 Qf4 31. Nc6 Qe3+ 32. Kh1 b5 33. Qf1 Ne2
34. Nxb4 axb4 35. Re1 1-0

[Event "Madrid ch 2002-2003 - Final"]
[Site "Madrid ESP"]
[Date "2003.03.13"]
[Round "4.5"]
[White "De la Fuente Gonzalez, Francisco"]
[Black "Solaesa Navalpotro, Luis Julio"]
[Result "1/2-1/2"]
[WhiteElo "2227"]
[BlackElo "2188"]
[PlyCount "30"]
[EventDate "2003.03.10"]
[EventType "tourn"]
[EventRounds "11"]
[EventCountry "ESP"]
[EventCategory "1"]
[Source "lmi"]
[SourceDate "2003.03.10"]

1. d4 Nf6 2. c4 c5 3. d5 b5 4. Nf3 d6 5. Qc2 g6 6. e4 Bg7 7. cxb5 a6 8. Nc3 O-O
9. bxa6 Qa5 10. Bd2 Bxa6 11. Nb5 Qb6 12. a4 Nbd7 13. Ra3 e6 14. dxe6 fxe6 15.
Be2 d5 1/2-1/2

[Event "Madrid ch 2002-2003 - Final"]
[Site "Madrid ESP"]
[Date "2003.03.13"]
[Round "4.6"]
[White "Roa Alonso, Santiago"]
[Black "Paredes Sanchez, Juan"]
[Result "1-0"]
[WhiteElo "2326"]
[BlackElo "2182"]
[PlyCount "71"]
[EventDate "2003.03.10"]
[EventType "tourn"]
[EventRounds "11"]
[EventCountry "ESP"]
[EventCategory "1"]
[Source "lmi"]
[SourceDate "2003.03.10"]

1. e4 c5 2. Nf3 d6 3. d4 cxd4 4. Nxd4 Nf6 5. Nc3 g6 6. Be3 Bg7 7. f3 O-O 8. Qd2
Nc6 9. Bc4 Bd7 10. h4 Qa5 11. O-O-O Ne5 12. Bb3 Rfc8 13. Kb1 Nc4 14. Bxc4 Rxc4
15. g4 Rac8 16. Nb3 Qa6 17. e5 Ne8 18. h5 Bxe5 19. hxg6 fxg6 20. Bd4 Bxd4 21.
Nxd4 Rxc3 22. bxc3 Nf6 23. Qh6 Qc4 24. g5 Nh5 25. Rxh5 gxh5 26. g6 hxg6 27.
Qxg6+ Kf8 28. Qh6+ Ke8 29. Qh8+ Kf7 30. Qxh5+ Kf6 31. Re1 e5 32. f4 Rc5 33.
Qg5+ Kf7 34. Rh1 Bh3 35. Nb3 Qe4 36. Qh5+ 1-0